000 00377nam a2200145Ia 4500
005 20251222175937.0
008 251222s9999||||xx |||||||||||||| ||spa||
020 _a9786123111342
082 _a657.46/C24
100 _aCamacho Villaflor, Carlos Alexis
245 0 _aPagos a Cuenta del Impuesto a la Renta:
250 _a1ra.ed.
264 _bGaceta Jurídica
942 _cLIB
999 _c41249
_d41249